ბათუმის შოთა რუსთაველის სახელმწიფო უნივერსიტეტის ბიბლიოთეკა

Основы теории чисел. (ბიბ.ჩანაწერი № 38889)

000 -LEADER
fixed length control field 00640nam a2200229Ia 4500
001 - CONTROL NUMBER
control field 5303
003 - CONTROL NUMBER IDENTIFIER
control field GE_BSU
008 - FIXED-LENGTH DATA ELEMENTS--GENERAL INFORMATION
fixed length control field 181216s||||||||xx |||||||||||||| ||und||
040 ## - CATALOGING SOURCE
Transcribing agency GE_BSU
080 ## - UNIVERSAL DECIMAL CLASSIFICATION NUMBER
Universal Decimal Classification number 511(075.8)
100 ## - MAIN ENTRY--PERSONAL NAME
Personal name Виноградов, И.М.
245 ## - TITLE STATEMENT
Title Основы теории чисел.
245 ## - TITLE STATEMENT
Remainder of title Учебник для гос. ун-тов.
245 ## - TITLE STATEMENT
Statement of responsibility, etc. Гл. ред. физ.-мат. лит-ры.
250 ## - EDITION STATEMENT
Edition statement Изд. 8-ОЕ, исправ.
260 ## - PUBLICATION, DISTRIBUTION, ETC.
Place of publication, distribution, etc. Москва
260 ## - PUBLICATION, DISTRIBUTION, ETC.
Name of publisher, distributor, etc. Наука
260 ## - PUBLICATION, DISTRIBUTION, ETC.
Date of publication, distribution, etc. 1972
300 ## - PHYSICAL DESCRIPTION
Extent 167 с. 20 см.
653 ## - INDEX TERM--UNCONTROLLED
Uncontrolled term Основы теории чисел.
942 ## - ADDED ENTRY ELEMENTS (KOHA)
Koha item type წიგნი
ეგზემპლარები
Withdrawn status Lost status Damaged status Not for loan Date acquired Barcode Date last seen Price effective from Koha item type Public note
        2018-12-17 16542 2018-12-17 2018-12-17 წიგნი დარბაზი
        2018-12-17 16543 2018-12-17 2018-12-17 წიგნი დარბაზი
        2018-12-17 16189 2018-12-17 2018-12-17 წიგნი